00967nam a22002417a 4500999001900000005001700019010001500036020003100051035001400082037001300096082001400109100002600123245013200149260003400281270012800315300002500443500003800468700002600506700002000532700001900552942002800571952012600599 c167513d16751320190905154641.0 aENG-126425 c2500.00a978-93-86906-90-8 aEN-109957 bDBAD/PUB a709.95435 aDallapiccola, Anna L. aLepakshi:cby Anna L. Dallapiccola, Brigitte Khan Majlis, George Michell [and] John M.FritzbArchitecture, sculpture, painting/ aNew DelhibNiyogi Booksc2019 bNew DelhiaBlock D, Building No. 77, Okhla Industrial Area, Phase-Ik91-11-26816301,26818960mniyogibooks@gmail.come110020 a272p.c28cm(hb)bill aincluding index and bibliography. aMajlis, Brigitte Khan aMichell, George aFritz, John M. 2ddccENh709.95435mDAL 001040708NFICaAGbAGd2019-09-05eDBAD/PUBg2500.00l0o709.95435 DALpEN-109957r2019-09-05 00:00:00t1v2500.00yEN